<?xml version="1.0" encoding="UTF-8"?>
<record
    xmlns:xsi="http://www.w3.org/2001/XMLSchema-instance"
    xsi:schemaLocation="http://www.loc.gov/MARC21/slim http://www.loc.gov/standards/marcxml/schema/MARC21slim.xsd"
    xmlns="http://www.loc.gov/MARC21/slim">

  <leader>01142nam a2200313 a 4500</leader>
  <controlfield tag="003">CHAP</controlfield>
  <controlfield tag="005">20230623185737.0</controlfield>
  <controlfield tag="007">ta</controlfield>
  <controlfield tag="008">230622b           ao||frc||| 001 0 spa d</controlfield>
  <datafield tag="040" ind1=" " ind2=" ">
    <subfield code="a">mxchpua</subfield>
    <subfield code="c">CHAP</subfield>
    <subfield code="e">rda</subfield>
  </datafield>
  <datafield tag="050" ind1="1" ind2="0">
    <subfield code="a">C Q183.9</subfield>
    <subfield code="b">.C38 [19--]</subfield>
  </datafield>
  <datafield tag="082" ind1="0" ind2="0">
    <subfield code="a">C 500.0294 </subfield>
    <subfield code="b">C38 [19--]</subfield>
    <subfield code="2">20</subfield>
  </datafield>
  <datafield tag="245" ind1="1" ind2="0">
    <subfield code="a">Catalogue scientific apparatus Kagaku Kyoeisha Japan </subfield>
  </datafield>
  <datafield tag="250" ind1=" " ind2=" ">
    <subfield code="a">1a edici&#xF3;n </subfield>
  </datafield>
  <datafield tag="264" ind1=" " ind2=" ">
    <subfield code="a">Jap&#xF3;n : </subfield>
    <subfield code="b">Kagaku Kyoeisha,</subfield>
    <subfield code="c">[19--]</subfield>
  </datafield>
  <datafield tag="300" ind1=" " ind2=" ">
    <subfield code="a">120 p&#xE1;ginas : </subfield>
    <subfield code="b">ilustraciones, fotos, tablas</subfield>
  </datafield>
  <datafield tag="336" ind1=" " ind2=" ">
    <subfield code="2">rdacontent</subfield>
    <subfield code="a">texto</subfield>
    <subfield code="b">txt</subfield>
  </datafield>
  <datafield tag="337" ind1=" " ind2=" ">
    <subfield code="2">rdamedia</subfield>
    <subfield code="a">sin medio</subfield>
    <subfield code="b">n</subfield>
  </datafield>
  <datafield tag="338" ind1=" " ind2=" ">
    <subfield code="2">rdacarrier</subfield>
    <subfield code="a">volumen</subfield>
    <subfield code="b">nc</subfield>
  </datafield>
  <datafield tag="490" ind1="1" ind2=" ">
    <subfield code="a">Scientific apparatus (Kagaku Kyoeisha)</subfield>
    <subfield code="v">33</subfield>
  </datafield>
  <datafield tag="650" ind1="1" ind2="3">
    <subfield code="9">41975</subfield>
    <subfield code="a">F&#xED;sica</subfield>
    <subfield code="v">Cat&#xE1;logos</subfield>
    <subfield code="x">Instrumentos</subfield>
  </datafield>
  <datafield tag="650" ind1="1" ind2="3">
    <subfield code="9">93552</subfield>
    <subfield code="a">Qu&#xED;mica</subfield>
    <subfield code="v">Cat&#xE1;logos</subfield>
    <subfield code="x">Instrumentos</subfield>
  </datafield>
  <datafield tag="650" ind1="1" ind2="3">
    <subfield code="9">144152</subfield>
    <subfield code="a">Ciencias biol&#xF3;gicas</subfield>
    <subfield code="v">Cat&#xE1;logos</subfield>
    <subfield code="x">Instrumentos</subfield>
  </datafield>
  <datafield tag="650" ind1="1" ind2="3">
    <subfield code="9">154866</subfield>
    <subfield code="a">Physics</subfield>
    <subfield code="v">Catalogs </subfield>
    <subfield code="x">Instruments</subfield>
  </datafield>
  <datafield tag="650" ind1="1" ind2="3">
    <subfield code="9">149016</subfield>
    <subfield code="a">Chemistry  </subfield>
    <subfield code="v">Catalogs </subfield>
    <subfield code="x">Instruments</subfield>
  </datafield>
  <datafield tag="650" ind1="1" ind2="3">
    <subfield code="9">186313</subfield>
    <subfield code="a">Biological Sciences</subfield>
    <subfield code="v">Catalogs </subfield>
    <subfield code="x">Instruments</subfield>
  </datafield>
  <datafield tag="830" ind1=" " ind2=" ">
    <subfield code="9">187461</subfield>
    <subfield code="a">Scientific apparatus (Kagaku Kyoeisha)</subfield>
    <subfield code="v">33</subfield>
  </datafield>
  <datafield tag="942" ind1=" " ind2=" ">
    <subfield code="2">ddc</subfield>
    <subfield code="c">Libro</subfield>
  </datafield>
  <datafield tag="999" ind1=" " ind2=" ">
    <subfield code="c">218982</subfield>
    <subfield code="d">218982</subfield>
  </datafield>
  <datafield tag="952" ind1=" " ind2=" ">
    <subfield code="0">0</subfield>
    <subfield code="1">0</subfield>
    <subfield code="2">ddc</subfield>
    <subfield code="4">0</subfield>
    <subfield code="5">1</subfield>
    <subfield code="7">0</subfield>
    <subfield code="8">GRAL</subfield>
    <subfield code="a">IA_</subfield>
    <subfield code="b">IA_</subfield>
    <subfield code="d">2023-01-19</subfield>
    <subfield code="e">Donaci&#xF3;n</subfield>
    <subfield code="i">Consumo</subfield>
    <subfield code="l">0</subfield>
    <subfield code="o">C 500.0294  C38 [19--]</subfield>
    <subfield code="p">1103016636</subfield>
    <subfield code="r">2023-06-22 00:00:00</subfield>
    <subfield code="t">Ej. 1 </subfield>
    <subfield code="w">2023-06-22</subfield>
    <subfield code="y">LIBRO</subfield>
  </datafield>
</record>
